ბათუმის შოთა რუსთაველის სახელმწიფო უნივერსიტეტის ბიბლიოთეკა

ზღვასთან აკრეფილი კენჭები (ბიბ.ჩანაწერი № 50159)

000 -LEADER
fixed length control field 00668nam a2200217Ia 4500
001 - CONTROL NUMBER
control field 17097
003 - CONTROL NUMBER IDENTIFIER
control field GE_BSU
008 - FIXED-LENGTH DATA ELEMENTS--GENERAL INFORMATION
fixed length control field 181216s||||||||xx |||||||||||||| ||und||
040 ## - CATALOGING SOURCE
Transcribing agency GE_BSU
080 ## - UNIVERSAL DECIMAL CLASSIFICATION NUMBER
Universal Decimal Classification number 821.353.1-1
100 ## - MAIN ENTRY--PERSONAL NAME
Personal name გორგილაძე, ზურაბ
245 ## - TITLE STATEMENT
Title ზღვასთან აკრეფილი კენჭები
245 ## - TITLE STATEMENT
Remainder of title ლექსები
260 ## - PUBLICATION, DISTRIBUTION, ETC.
Place of publication, distribution, etc. ბათუმი
260 ## - PUBLICATION, DISTRIBUTION, ETC.
Name of publisher, distributor, etc. საბჭ. აჭარა
260 ## - PUBLICATION, DISTRIBUTION, ETC.
Date of publication, distribution, etc. 1970
300 ## - PHYSICAL DESCRIPTION
Extent 95გვ. ; 16სმ.
653 ## - INDEX TERM--UNCONTROLLED
Uncontrolled term ზღვასთან აკრეფილი კენჭები
653 ## - INDEX TERM--UNCONTROLLED
Uncontrolled term ლექსები
942 ## - ADDED ENTRY ELEMENTS (KOHA)
Koha item type წიგნი
ეგზემპლარები
Withdrawn status Lost status Damaged status Not for loan Date acquired Barcode Date last seen Price effective from Koha item type
        2018-12-17 21694 2018-12-17 2018-12-17 წიგნი
        2018-12-17 21695 2018-12-17 2018-12-17 წიგნი
        2018-12-17 21696 2018-12-17 2018-12-17 წიგნი
        2018-12-17 21697 2018-12-17 2018-12-17 წიგნი